Türkîli Hicazkâr : Türkiye'de Tarih Anlayışı Üzerine (Record no. 4314)

000 -LEADER
fixed length control field 00621nam a22001937a 4500
008 - FIXED-LENGTH DATA ELEMENTS--GENERAL INFORMATION
fixed length control field 230921b ||||| |||| 00| 0 eng d
020 ## - INTERNATIONAL STANDARD BOOK NUMBER
International Standard Book Number 9754584494
041 ## - LANGUAGE CODE
Language code of text/sound track or separate title Türkçe
050 ## - LIBRARY OF CONGRESS CALL NUMBER
Classification number D16
100 ## - MAIN ENTRY--PERSONAL NAME
9 (RLIN) 2127
Personal name Durukan, Kaan
245 ## - TITLE STATEMENT
Title Türkîli Hicazkâr : Türkiye'de Tarih Anlayışı Üzerine
Statement of responsibility, etc. Yayına Hazırlayan : Mürşit Balabanlılar
250 ## - EDITION STATEMENT
Edition statement 1.Basım
260 ## - PUBLICATION, DISTRIBUTION, ETC.
Place of publication, distribution, etc. İstanbul:
Name of publisher, distributor, etc. İş Bankası Kültür Yayınları,
Date of publication, distribution, etc. Mart 2003
300 ## - PHYSICAL DESCRIPTION
Extent 172 Sayfa
500 ## - GENERAL NOTE
General note Genel Yayın : 686
Tarih Dizisi : 44
650 #0 - SUBJECT ADDED ENTRY--TOPICAL TERM
9 (RLIN) 1881
Topical term or geographic name entry element Türkiye Tarihi
700 ## - ADDED ENTRY--PERSONAL NAME
9 (RLIN) 1642
Personal name Balabanlılar, Mürşit
942 ## - ADDED ENTRY ELEMENTS (KOHA)
Source of classification or shelving scheme
Koha item type Books
Holdings
Withdrawn status Lost status Source of classification or shelving scheme Damaged status Not for loan Permanent Location Current Location Shelving location Date acquired Full call number Barcode Date last seen Price effective from Koha item type
        Ödünç verilemez İmren Ahmet Tüzün Kütüphanesi İmren Ahmet Tüzün Kütüphanesi Ahmet Tüzün 2023-09-21 D16 100100004635 2023-09-21 2023-09-21 Books

This software was implemented, installed and managed by Devinim Software Training Consulting .